Vývoj akciových trhov krajín V4 diplomová práca

Saved in:
Bibliographic Details
Main Author: Hricová, Anna
Corporate Author: Podnikovohospodárska fakulta EU so sídlom v Košiciach. Katedra ekonómie
Other Authors: Baumöhl, Eduard, 1982-
Format: Book
Language:Slovak
Published: Košice 2013
Tags: Add Tag
No Tags, Be the first to tag this record!

MARC

LEADER 00000nbm a2200000 4500
001 0170417
005 20240827093311.6
041 0 |a slo 
044 |a SK 
245 1 0 |a Vývoj akciových trhov krajín V4  |b diplomová práca  |c Anna Hricová ; školiteľ: Eduard Baumöhl 
264 1 |a Košice  |c 2013 
300 |a 60 s. 
100 1 |a Hricová, Anna 
700 1 |a Baumöhl, Eduard, 1982- 
710 2 |a Podnikovohospodárska fakulta EU so sídlom v Košiciach. Katedra ekonómie